| 000 | 00669nam a22002297a 4500 | ||
|---|---|---|---|
| 003 | BUBTL | ||
| 008 | 221116b ||||| |||| 00| 0 eng d | ||
| 020 | _a9847002002936 | ||
| 082 | _a821.8/ Y34s/ 2008 | ||
| 100 |
_94883 _aYeats, W. B. |
||
| 245 |
_aSelected Poems/ _cW.B.Yeats |
||
| 250 | _a1st Edn | ||
| 260 |
_aDhaka _bFriends Book Corner _c2008 |
||
| 300 |
_axiii, 293 p.: _c20cm |
||
| 440 |
_94221 _aFriends' Classics |
||
| 500 | _aIncludes Index | ||
| 505 | _aSelected Poems, W.B.Yeats, Friends' Classics | ||
| 650 | 0 |
_91994 _aEnglish Literature |
|
| 856 |
_k0 _l0 _yDownload |
||
| 942 |
_2ddc _cBK |
||
| 999 |
_c6786 _d6786 |
||